000 00557nam a2200181Ia 4500
008 090124s9999 xx 000 0 und d
082 _b14171
100 _aकुलकर्णी अरुणा
245 _a अमृतरंग
250 _a1
260 _bगायत्री प्रकाशन पुणे
_c1981
300 _a110
600 _aकुलकर्णी अरुणा
630 _a अमृतरंग
700 _aकुलकर्णी अरुणा
730 _a अमृतरंग
942 _cBOOK
999 _c87878
_d87878